[Event "Potsdam Christmas 34th"]
[Site "Potsdam"]
[Date "2009.12.28"]
[Round "4.12"]
[White "Schiffermueller, Stefan"]
[Black "Kliem, Helmut"]
[Result "1/2-1/2"]
[WhiteElo "1963"]
[BlackElo "1846"]
[PlyCount "97"]
[EventDate "2009.12.27"]
[EventType "swiss"]
[EventRounds "7"]
[EventCountry "GER"]
[SourceTitle "EXT 2022"]
[Source "ChessBase"]
[SourceDate "2021.10.06"]
[SourceVersion "1"]
[SourceVersionDate "2021.10.06"]
[SourceQuality "1"]

1. e4 c5 2. Nf3 Nc6 3. d4 cxd4 4. Nxd4 Nf6 5. Nc3 e5 6. Ndb5 d6 7. Bg5 a6 8. Na3 b5 9. Bxf6 gxf6 10. Nd5 Bg7 11. c4 0-0 12. cxb5 Nd4 13. Bd3 f5 14. 0-0 fxe4 15. Bxe4 Rb8 16. b6 f5 17. Bd3 Bb7 18. Bc4 Kh8 19. Nc2 Nxc2 20. Qxc2 Bxd5 21. Bxd5 Qxb6 22. b3 Rbc8 23. Qd2 Rc7 24. Rac1 Rfc8 25. Be6 Rxc1 26. Rxc1 Rf8 27. Qg5 d5 28. Bxf5 Bh6 29. Qh5 Qf6 30. Rf1 Qxf5 31. Qxh6 Rf6 32. Qc1 d4 33. f3 Rf8 34. Qc6 Rc8 35. Qxa6 Rc2 36. Qa8+ Kg7 37. Rd1 Qg5 38. Qb7+ Kh6 39. f4 Qxf4 40. Rf1 Rc1 41. Qf3 Rxf1+ 42. Kxf1 Qc1+ 43. Kf2 Qc2+ 44. Kg3 Qg6+ 45. Qg4 Qd3+ 46. Kh4 Qe3 47. Qg3 Qe4+ 48. Qg4 Qe3 49. Qg3 1/2-1/2

[Event "Potsdam Christmas 34th"]
[Site "Potsdam"]
[Date "2009.12.27"]
[Round "1.23"]
[White "Fuchs, Dominik"]
[Black "Schiffermueller, Stefan"]
[Result "0-1"]
[WhiteElo "1354"]
[BlackElo "1963"]
[PlyCount "52"]
[EventDate "2009.12.27"]
[EventType "swiss"]
[EventRounds "7"]
[EventCountry "GER"]
[SourceTitle "EXT 2022"]
[Source "ChessBase"]
[SourceDate "2021.10.06"]
[SourceVersion "1"]
[SourceVersionDate "2021.10.06"]
[SourceQuality "1"]

1. e4 c5 2. Nf3 e6 3. d4 cxd4 4. Nxd4 a6 5. Nc3 Qc7 6. Be2 Nf6 7. 0-0 b5 8. Bf3 e5 9. Nf5 b4 10. Nd5 Nxd5 11. exd5 d6 12. Ng3 Be7 13. a3 bxa3 14. Rxa3 0-0 15. Rc3 Qd8 16. Rb3 f5 17. Be3 Nd7 18. Bd2 e4 19. Nxe4 fxe4 20. Bxe4 Nc5 21. Bxh7+ Kxh7 22. Qh5+ Kg8 23. Rg3 Qe8 24. Qh6 Bf6 25. Re1 Ne4 26. Rg6 Bf5 0-1